000 00825nam a2200217 a 4500
001 BRCA_2320
005 20190320203747.0
008 060413s2006 miua---###---#000-0#eng-#
020 _a0932900992
040 _aDLC
_cDLC
_dDLC
050 4 _aTR647
_b.C65 2006
100 1 _aConniff, Gregory
_d1944-
_96976
245 1 0 _aWild Edges
_bPhotographic Ink Prints
_cby Gregory Conniff.
260 _aMadison, Wisconsin
_bChazen Museum of Art, University of Wisconsin-Madison
_c2006
300 _a64 p.
_bil.
_c23 cm.
500 _aCatálogo de la exposición realizada en el Chazen Museum of Art, University of Wisconsin-Madison, 2 septiembre - 5 noviembre, 2006
504 _aBibliografía : p. 64
600 1 4 _aConniff, Gregory
_d1944-
_vExposiciones
_96977
650 1 4 _aFotografía artística
_vExposiciones
_96978
942 _2lcc
_cB
999 _c2065
_d2065